Las célebres cartas provinciales de Blas Pascal sobre la moral y la política de los jesuitas. (Record no. 161475)

MARC details
000 -LEADER
campo de control de longitud fija 00840nam a22002175i 4500
001 - NÚMERO DE CONTROL
campo de control 161475
003 - IDENTIFICADOR DE NÚMERO DE CONTROL
campo de control ES-MaACL
005 - FECHA Y HORA DE LA ÚLTIMA TRANSACCIÓN
campo de control 20250716063320.0
008 - DATOS DE LONGITUD FIJA--INFORMACIÓN GENERAL
campo de control de longitud fija 950614s1846 sp |||| | spa d
040 ## - FUENTE DE CATALOGACIÓN
Centro catalogador/agencia de origen CLM
Lengua de catalogación spa
Centro/agencia transcriptor CCPB | SIC
100 1# - ENTRADA PRINCIPAL--NOMBRE DE PERSONA
Nombre de persona Pascal, Blaise,
Fechas asociadas al nombre 1623-1662
9 (RLIN) 89307
245 14 - MENCIÓN DEL TÍTULO
Título Las célebres cartas provinciales de Blas Pascal sobre la moral y la política de los jesuitas.
250 ## - MENCION DE EDICION
Mención de edición Ed. española
Resto de la mención de edición revisada, cotejada y añadida por Francisco de Paula Montejo.
260 ## - PUBLICACIÓN, DISTRIBUCIÓN, ETC.
Lugar de publicación, distribución, etc. Madrid :
Nombre del editor, distribuidor, etc. [s.n.],
Fecha de publicación, distribución, etc. 1846 (
Fabricante Imprenta del Colegio de Sordo-Mudos y Ciegos)
300 ## - DESCRIPCIÓN FÍSICA
Extensión XVI, 350 p. ;
Dimensiones 20 cm.
610 24 - PUNTO DE ACCESO ADICIONAL DE MATERIA--NOMBRE DE ENTIDAD CORPORATIVA
Nombre de entidad corporativa o nombre de jurisdicción como elemento de entrada Jesuitas-
Subdivisión de forma Obras de controversia.
9 (RLIN) 151987
650 #4 - PUNTO DE ACCESO ADICIONAL DE MATERIA--TÉRMINO DE MATERIA
Término de materia o nombre geográfico como elemento de entrada Jansenismo.
9 (RLIN) 151988
700 1# - ENTRADA AGREGADA--NOMBRE PERSONAL
Nombre de persona Montejo, Francisco de Paula.
9 (RLIN) 130089
852 ## - LOCALIZACIÓN
Ubicación ES-MaACL
Número de control de estantería D-1950
Nota libre -- Enc. hol.
Holdings
Estatus retirado Estado de pérdida Estado de daño No para préstamo Colección Biblioteca de origen Biblioteca actual Ubicación en estantería Fecha de adquisición Fuente de adquisición Total de préstamos Signatura topográfica completa Código de barras Visto por última vez Precio de reemplazo Tipo de ítem Koha
        Libros del s. XIX Biblioteca del Ateneo de Madrid Biblioteca del Ateneo de Madrid Sala Valle Inclán 17/01/2008     D-1950 901169139 23/02/2023 23/02/2023 Libro impreso antiguo